| 000 | 00680nam a22002177a 4500 | ||
|---|---|---|---|
| 005 | 20240223153919.0 | ||
| 008 | 230913b |||||||| |||| 00| 0 eng d | ||
| 020 | _a9789814865609 | ||
| 082 |
_a617.645 _bRIT-A |
||
| 100 | _aRitter, Andre V. | ||
| 245 |
_aSturdevant's Art & Science of Operative Dentistry / _cAndre V. Ritter, Lee W. Boushell, Ricardo Walter ,[Editor] V .Gopikrishna |
||
| 250 | _a2nd ed. | ||
| 260 |
_aSingapore : _bElsevier; _c2020 . |
||
| 300 |
_axvii, 702 p. : _bill ; _c28 cm. |
||
| 500 | _aInclude Index. | ||
| 650 | _aDentistry/Medical | ||
| 700 | _aLee W. Boushell. | ||
| 700 | _aRicardo Walter | ||
| 710 | _aV .Gopikrishna [Editor] | ||
| 999 |
_c33531 _d33531 |
||